Paving the way for transformational future women entrepreneurs in Uttar Pradesh (Record no. 510982)

000 -LEADER
fixed length control field 00527nam a2200169 4500
008 - FIXED-LENGTH DATA ELEMENTS--GENERAL INFORMATION
fixed length control field 190905b ||||| |||| 00| 0 eng d
100 ## - MAIN ENTRY--PERSONAL NAME
Personal name Kumar, Nomita P.
245 ## - TITLE STATEMENT
Title Paving the way for transformational future women entrepreneurs in Uttar Pradesh
260 ## - PUBLICATION, DISTRIBUTION, ETC. (IMPRINT)
Date of publication, distribution, etc 2019
300 ## - PHYSICAL DESCRIPTION
Extent p.42-56.
650 ## - SUBJECT ADDED ENTRY--TOPICAL TERM
Topical term or geographic name as entry element Entrepreneurship - India
9 (RLIN) 9871
650 ## - SUBJECT ADDED ENTRY--TOPICAL TERM
Topical term or geographic name as entry element Women entrepreneurs - India
9 (RLIN) 9872
650 ## - SUBJECT ADDED ENTRY--TOPICAL TERM
Topical term or geographic name as entry element Women in business
9 (RLIN) 9873
773 ## - HOST ITEM ENTRY
Main entry heading Productivity
906 ## - LOCAL DATA ELEMENT F, LDF (RLIN)
Subject DIP Women - India - Uttar Pradesh
942 ## - ADDED ENTRY ELEMENTS (KOHA)
Source of classification or shelving scheme
Item type Articles
Holdings
Withdrawn status Lost status Source of classification or shelving scheme Damaged status Not for loan Permanent location Current location Date acquired Serial Enumeration / chronology Barcode Date last seen Koha item type
          Indian Institute of Public Administration Indian Institute of Public Administration 2019-09-05 60(1), Apr-Jun, 2019: p.42-56. AR120783 2019-09-05 Articles

Powered by Koha